000
00229nam a2200097Ia 4500
001
639788
005
20250826153434.0
008
250824s9999 xx 000 0 und d
245
0
_a
Sudaki Mucize
_c
Howard Murad, Dr.
260
_b
ALTIN
999
_c
639788
_d
639788